[Event "Otago Queen's Birthday op"]
[Site "Dunedin"]
[Date "2006.06.04"]
[Round "3"]
[White "Van der Hoorn, Mark"]
[Black "Sutton, Richard John"]
[Result "1-0"]
[WhiteElo "2105"]
[BlackElo "2307"]
[PlyCount "87"]
[EventDate "2006.06.03"]
[EventType "swiss"]
[EventRounds "6"]
[EventCountry "NZL"]
[SourceTitle "EXT 2018"]
[Source "ChessBase"]
[SourceDate "2017.10.13"]
[SourceVersion "1"]
[SourceVersionDate "2017.10.13"]
[SourceQuality "1"]

1. e4 c5 2. Nf3 d6 3. d3 Nc6 4. g3 g6 5. Bg2 Bg7 6. 0-0 e6 7. c3 Nge7 8. Nh4 0-0 9. f4 f5 10. exf5 exf5 11. Qb3+ d5 12. Nd2 Qd6 13. Ndf3 Bd7 14. Bd2 Rae8 15. Rfe1 Nc8 16. Ne5 Be6 17. Qxb7 Nxe5 18. fxe5 Bxe5 19. Bh6 Rf7 20. Qb5 Bd7 21. Qb3 Nb6 22. Nf3 Bg7 23. Bf4 Qf8 24. Ne5 Ba4 25. Qa3 Rfe7 26. d4 cxd4 27. cxd4 Bc6 28. Rec1 Ba8 29. Bg5 Bf6 30. Bxf6 Qxf6 31. Qa5 Kg7 32. b3 Nd7 33. Nf3 Nb6 34. Re1 Rxe1+ 35. Rxe1 Rxe1+ 36. Qxe1 Qd6 37. Qe8 Bc6 38. Qe3 Nd7 39. Qc3 Nf6 40. Ne5 Bb7 41. Qe3 Qc7 42. Nd3 Ne4 43. Nc5 Kf6 44. b4 1-0

[Event "Queenstown op"]
[Site "Queenstown"]
[Date "2006.01.22"]
[Round "8"]
[White "Sutton, Richard John"]
[Black "Wojnar, Maciej"]
[Result "0-1"]
[WhiteElo "2301"]
[BlackElo "1973"]
[PlyCount "78"]
[EventDate "2006.01.15"]
[EventType "swiss"]
[EventRounds "10"]
[EventCountry "NZL"]
[SourceTitle "CBM 110 Extra"]
[Source "ChessBase"]
[SourceDate "2006.03.10"]
[SourceVersion "2"]
[SourceVersionDate "2006.03.10"]
[SourceQuality "1"]

1. e4 e5 2. Nf3 f5 3. Nxe5 Qf6 4. d4 d6 5. Nc4 fxe4 6. Nc3 Qg6 7. Ne3 Nf6 8. Qe2 c6 9. d5 Be7 10. Qc4 a6 11. dxc6 bxc6 12. Ned5 Nxd5 13. Nxd5 Bd8 14. Nf4 Qf5 15. g4 Qe5 16. Bg2 d5 17. Qc3 Qxc3+ 18. bxc3 Ba5 19. Bd2 Bxg4 20. 0-0 0-0 21. f3 exf3 22. Bxf3 Bxf3 23. Rxf3 Nd7 24. Raf1 Ne5 25. Rg3 Nc4 26. Bc1 Bc7 27. Rgf3 Rae8 28. h4 Bb6+ 29. Kg2 Ne3+ 30. Bxe3 Rxe3 31. Nd3 Rfxf3 32. Rxf3 Rxf3 33. Kxf3 Kf7 34. Nb4 Ke6 35. Nxc6 Kd6 36. Nd4 Bxd4 37. cxd4 g6 38. a4 Ke6 39. a5 Kf5 0-1

[Event "South Island-ch"]
[Site "Dunedin"]
[Date "2004.09.26"]
[Round "4"]
[White "Sutton, Richard John"]
[Black "Spain, Graeme"]
[Result "0-1"]
[WhiteElo "2279"]
[BlackElo "2147"]
[PlyCount "62"]
[EventDate "2004.09.25"]
[EventType "swiss"]
[EventRounds "8"]
[EventCountry "NZL"]
[SourceTitle "EXT 2018"]
[Source "ChessBase"]
[SourceDate "2017.10.13"]
[SourceVersion "1"]
[SourceVersionDate "2017.10.13"]
[SourceQuality "1"]

1. e4 d5 2. exd5 Qxd5 3. Nc3 Qa5 4. d4 c6 5. Nf3 Nf6 6. Bd2 Qb6 7. Bc4 Bf5 8. 0-0 e6 9. a4 a5 10. Bb3 Bb4 11. Ne2 Bxd2 12. Nxd2 Nbd7 13. Nc4 Qc7 14. Ng3 Bg6 15. Qe2 0-0 16. Rad1 Nd5 17. Ne5 Nxe5 18. dxe5 Rad8 19. Rd2 Nf4 20. Qe3 Rxd2 21. Qxd2 Qxe5 22. Re1 Qc7 23. Rd1 h6 24. h3 Re8 25. Qd7 Qxd7 26. Rxd7 Rb8 27. Rc7 Kf8 28. Rd7 Nd5 29. c4 Ke8 30. Rd6 Ke7 31. c5 Rd8 0-1

[Event "Eger Agria op"]
[Site "Eger"]
[Date "1993.??.??"]
[Round "1"]
[White "Sutton, Richard John"]
[Black "Paal, Attila"]
[Result "0-1"]
[WhiteElo "2275"]
[BlackElo "2205"]
[PlyCount "65"]
[EventDate "1993.07.??"]
[EventType "swiss"]
[EventRounds "9"]
[EventCountry "HUN"]
[SourceTitle "EXT 1997"]
[Source "ChessBase"]
[SourceDate "1996.11.15"]
[SourceVersion "1"]
[SourceVersionDate "1996.11.15"]
[SourceQuality "1"]

1. d4 Nf6 2. c4 g6 3. Nc3 Bg7 4. e4 d6 5. f4 0-0 6. Nf3 c5 7. d5 e6 8. Be2 exd5 9. cxd5 Re8 10. e5 dxe5 11. fxe5 Nh5 12. 0-0 Bxe5 13. Nxe5 Rxe5 14. g4 Ng7 15. Bf4 Re8 16. Nb5 Na6 17. Nd6 Rf8 18. Bc4 Nc7 19. Ne4 Nce8 20. Bg5 f6 21. d6+ Be6 22. Bxe6+ Nxe6 23. Qb3 Qc8 24. Qd5 fxg5 25. d7 Qc6 26. Qxc6 bxc6 27. dxe8Q Raxe8 28. Nf6+ Rxf6 29. Rxf6 Nd4 30. Raf1 Rb8 31. b3 a5 32. R1f2 Re8 33. Kg2 0-1

[Event "NZL-ch"]
[Site "Otago"]
[Date "1991.??.??"]
[Round "2"]
[White "Martin, Benjamin"]
[Black "Sutton, Richard John"]
[Result "1-0"]
[WhiteElo "2320"]
[BlackElo "2295"]
[PlyCount "83"]
[EventDate "1991.??.??"]
[EventType "tourn"]
[EventRounds "11"]
[EventCountry "NZL"]
[EventCategory "1"]
[SourceTitle "EXT 1997"]
[Source "ChessBase"]
[SourceDate "1996.11.15"]
[SourceVersion "1"]
[SourceVersionDate "1996.11.15"]
[SourceQuality "1"]

1. e4 e5 2. Nf3 Nc6 3. d4 exd4 4. Nxd4 Bc5 5. Be3 Qf6 6. c3 Nge7 7. g3 d5 8. Bg2 Nxd4 9. cxd4 Bb4+ 10. Nc3 dxe4 11. Qa4+ Nc6 12. 0-0 Bxc3 13. bxc3 0-0 14. d5 Ne5 15. Qxe4 Bf5 16. Qf4 Bd3 17. Rfe1 Rfe8 18. Qxf6 gxf6 19. Bd4 Bc4 20. Re3 Ng4 21. Rxe8+ Rxe8 22. f4 f5 23. h3 Nh6 24. Be5 f6 25. Bxc7 Nf7 26. d6 Re3 27. Rd1 Rxg3 28. d7 Rxc3 29. d8Q+ Nxd8 30. Bxd8 Bxa2 31. Bxf6 Rc7 32. Ra1 Be6 33. Rxa7 Rc4 34. Be5 b5 35. Kh2 Rc2 36. Kg3 b4 37. Bf3 b3 38. Rb7 h6 39. Bh5 Rg2+ 40. Kxg2 Bd5+ 41. Bf3 Bxb7 42. Bxb7 1-0

[Event "NZL-ch"]
[Site "New Zeeland"]
[Date "1991.??.??"]
[Round "?"]
[White "Sutton, Richard John"]
[Black "Dowden, R Anthony"]
[Result "1-0"]
[WhiteElo "2295"]
[BlackElo "2220"]
[PlyCount "61"]
[EventDate "1991.??.??"]
[EventType "tourn"]
[EventRounds "11"]
[EventCountry "NZL"]
[SourceTitle "EXT 1999"]
[Source "ChessBase"]
[SourceDate "1998.11.16"]
[SourceVersion "1"]
[SourceVersionDate "1998.11.16"]
[SourceQuality "1"]

1. d4 Nf6 2. c4 e5 3. dxe5 Ng4 4. Nf3 Bc5 5. e3 Nc6 6. Be2 Ngxe5 7. Nxe5 Nxe5 8. 0-0 0-0 9. Nc3 Re8 10. b3 a5 11. Bb2 Ra6 12. Qd5 Ba7 13. Ne4 Rh6 14. g3 c6 15. Qd1 d5 16. cxd5 cxd5 17. Nc3 Qd7 18. h4 d4 19. Nb5 d3 20. Nxa7 dxe2 21. Qxe2 Qh3 22. Bxe5 Rxe5 23. Nxc8 g5 24. Rfd1 Qxc8 25. Rac1 Qh3 26. Rd8+ Kg7 27. Qb2 f6 28. Rc7+ Kg6 29. Rg8+ Kh5 30. Qxe5 fxe5 31. Rxg5# 1-0